000 01054cam a22002894a 4500
999 _c1327
_d1327
001 16203490
003 OSt
005 20221228131727.0
008 100426s2011 ilua j b 001 0 eng
010 _a 2010016998
020 _a9781432946692 (pb)
040 _aDLC
_cDLC
_dDLC
_dKH8
082 0 0 _a306.87 RIS
_222
100 1 _aRissman, Rebecca.
_eAuthor
245 1 0 _aAunts and uncles /
_cRebecca Rissman.
260 _aChicago, Ill. :
_bHeinemann Library,
_cc2011.
300 _a24 p. :
_bcol. ill. ;
_c18 x 21 cm.
490 0 _aFamilies
504 _aIncludes bibliographical references and index.
505 0 _aWhat is a family? -- What are families like? -- Who are uncles and aunts? -- Different uncles and aunts -- Family tree.
650 0 _aAunts
_vJuvenile literature.
650 0 _aUncles
_vJuvenile literature.
650 0 _aFamilies
_vJuvenile literature.
906 _a7
_bcbc
_corignew
_d1
_eecip
_f20
_gy-gencatlg
942 _2ddc
_cNFIC